00453nam a22001577a 4500003000400000005001700004008004100021020001500062040002900077100006200106245002800168250001200196260004500208300001100253650003100264OSt20250814125848.0250814b |||||||| |||| 00| 0 eng d a0471661805 cChuka University Library aKieso, E. Donald ,Weygandt J. Jerry and Warfield D. Terry aIntermediate Accounting a11th ed aPalatino ,USAbJohn Wiley and Sonsc2005 a1331p. a1.Accounting.....Textbooks